000 00863cam a22003017a 4500
003 CHAP
005 20220329133047.0
008 971013s1986 r 00010 d
010 _a1719
011 _a2691
035 _a1886
040 _cCHAP
082 _a635.9
_bT7
100 0 0 _aTrujillo Sánchez, Emigdio.
_9115421
245 1 3 _aEl arte del bonsai
260 _aMéxico, D. F. :
_bTrube,
_c1986
300 _a84 p.
_b: ilus.
500 _a42-244
590 _aBATCH-UPD
_b10
_c20130110
_lUCH01
_h0212
590 _aBATCH-UPD
_b10
_c20130110
_lUCH01
_h1439
590 _aBATCH-UPD
_b10
_c20130409
_lUCH01
_h2229
590 _aBATCH-UPD
_b10
_c20130914
_lUCH01
_h0657
590 _aCONVERSION
_b10
_c20130109
_lUCH01
_h1302
650 1 4 _aBonsai.
_913751
901 _aBK
942 _cLIBRO
949 _a635.9 T7
_bBC
_cLIBRO
_d33724000225165
_eLIBRO
_h64291
_i1886
_si
999 _c1719
_d1719